000 01656nam a22002417a 4500
003 BJBSDDR
005 20251203115159.0
007 ta
008 251203s2017 fr ||||| |||| 00| 0 fre d
020 _a9782271115133
020 _a2271115132
040 _bspa
_cBJBSDDR
041 _afre
050 _bB136v 2017
100 1 _aBadie, Bertrand,
_d1950-
_92761
245 1 0 _aVers un monde néo-national? /
_cBertrand Badie, Michel Foucher,
260 _aParis :
_bCNRS éditions,
_c2017
300 _a 197 pages ;
_b22 cm
520 _aDu Brexit à l'élection de Donald Trump à la tête des États-Unis, de l'agression russe contre l'Ukraine à l'appétit de Pékin en mer de Chine, de la crispation autour de la question des migrants aux échecs de la diplomatie au Proche-Orient : l'actualité internationale secoue l'ordre mondial et bouscule les États-nations. Ces tensions politiques multiformes sont-elles le signe d'une revanche du national? Assiste-t-on à une réaffirmation des frontières de la part des États comme rempart de protection? Ou bien, les dynamiques de la mondialisation signent-elles au contraire l'érosion inéluctable des souverainetés? Observe-t-on le "retour des frontières", ou bien au contraire la "fin des territoires"? Après le temps néo-conservateur, subit-on la "fièvre néo-nationaliste"? Deux grands penseurs contemporains, Bertrand Badie, politiste et Michel Foucher, géographe, confrontent leurs points de vue sur ces questions centrales pour décrypter l'évolution de notre monde et ses dérives possibles.
700 1 _aFoucher, Michel,
_d1946-
_935025
942 _2lcc
_n0
_cBK
946 _icmc
999 _c126038
_d126038